Rasmus, Hugo. Pommerellen, Westpreußen 1919 - 1939. - München ˜[u.a.] œ: Herbig. - 1989 [Rezension]

Titel: Rasmus, Hugo. Pommerellen, Westpreußen 1919 - 1939. - München ˜[u.a.] œ: Herbig. - 1989 [Rezension]
Verfasser:
In: Rocznik Gdański, Band 54, Heft 1 (1994), Seite 218-221
alle Artikel anzeigen
Veröffentlicht: 1994
Format: Aufsatz
Sprache: Polnisch
Kein Bild verfügbar
X
alg: 39504474
001A    $01999:12-11-16 
001B    $01999:04-08-21 $t21:03:00.000 
001D    $01999:12-11-16 
001U    $0utf8 
001X    $00 
002@    $0Aox 
003@    $039504474X 
007A    $039504474X $aHEB 
007T    $0Herd31937 
010@    $apol 
011@    $a1994 
021A    $aRasmus, Hugo. @Pommerellen, Westpreußen 1919 - 1939. - München {[u.a.] : Herbig. -  1989 [Rezension] 
028A    $aStankowski $dWitold 
031A    $d54 $e1 $h218-221 $j1994 
039B    $aIn $8--Abvc--. Rocznik Gdański. - Gdańsk : Wydawn. Gdańskie, 1927-. - ISSN 0080-3456 $x199400000540001782 $9047550872 
039T    $8--Aauc--Rasmus, Hugo [Tnd]. @Pommerellen, Westpreußen 1919 - 1939. - München {[u.a.] : Herbig, 1989. - 415 S.. - Ill., Kt.. - ISBN 3-7766-1596-6 $9012700428 
045F    $a900.94382 $eDDC23BSB 
045F/01 $a900 
045F/03 $g4382 
045F/03 $g43832 
045T    $a9,10 $a8 

lok: 39504474 78

exp: 39504474 78 1 #EPN
201B/01 $018-11-16 $t13:34:33.000 
201U/01 $0utf8 
203@/01 $0791343359 
208@/01 $a12-11-16 $be 
209A/01 $a/ $f000 $x00 
220C/01 $aTitelaufnehmer: ra 
244Z/01 $2Trx $#Prusy Wschodnie i Zachodnie $8--Trx--Ost- und Westpreußen $x01 $939113373X 
244Z/01 $2Trx $#arvustused $#recenzijos $#Reviews $#recenziók $#recenzje $#recenzie $#recenze $8--Trx--Rezensionen $x02 $9391357441 
247C/01 $82080>Marburg/Lahn, Herder-Institut, Forschungsbibliothek, Bibliographieportal $9336309341
LEADER 00000caa a22000002c 4500
001 39504474X
003 DE-603
005 20210804210300.0
007 tu
008 161112s1994 xx |||| | u00||u|pol c
035 |a (DE-599)HEB39504474X 
040 |a DE-603  |b ger  |c DE-603  |d DE-603 
041 |a pol 
082 0 4 |8 1\u  |a 900.94382  |q DE-101  |2 23/BSB 
084 |a 9,10  |a 8  |2 ssgn 
085 |8 1\u  |b 900 
085 |8 1\u  |z 2  |s 4382 
085 |8 1\u  |z 2  |s 43832 
100 1 |a Stankowski, Witold 
245 0 0 |a ˜Rasmus, Hugo.œ Pommerellen, Westpreußen 1919 - 1939. - München ˜[u.a.] œ: Herbig. - 1989 [Rezension] 
264 0 |c 1994 
773 0 8 |i In  |t Rocznik Gdański  |d Gdańsk : Wydawn. Gdańskie, 1927-  |x 0080-3456  |g Band 54, Heft 1 (1994), Seite 218-221  |w (DE-603)047550872  |w (DE-600)400807-8 
787 0 8 |i Rezension von  |a Rasmus, Hugo  |t Pommerellen, Westpreußen 1919 - 1939  |d München ˜[u.a.] œ: Herbig, 1989  |h 415 S., Ill., Kt.  |z 3776615966  |w (DE-603)012700428 
924 0 |9 2080  |a (DE-603)791343359  |b DE-2080  |c HES  |d d  |g /